000 02060nam a2200277Ia 4500
999 _c34624
_d34624
001 389
003 GE_BSU
005 20221226113458.0
008 181216s2010||||ge |||||||||||||| ||geo||
020 _a9789941031632
040 _cGE_BSU
041 _ageo
080 _a339.1(075.8) გ–41
100 _aგეჩბაია,ბადრი
_916576
245 _aბიზნესის PR ტექნოლოგიები :
_b[სახელმძღვ. შოთა რუსთაველის სახელმწ. უნ-ტის სტუდ.] /
_cბადრი გეჩბაია, გელა მამულაძე ; [რედ.: გურამ ჯოლია, რეზო მანველიძე] ; შოთა რუსთაველის სახელმწ. უნ-ტის სოციალ. მეცნ., ბიზნესისა და სამართალმცოდნ. ფაკ., ეკონ. პოლიტიკისა და ბიზნესის ადმინისტრირების დეპარტამენტი.
264 _aთბილისი :
_bუნივერსალი,
_c2010.
300 _a126 გვ.;
_b20 სმ.
504 _aბიბლიოგრ.: გვ. 117-119.
653 _aბიზნესი
653 _aპიარტექნოლოგიები
700 _aმამულაძე, გელა.
_eავტორი
_916577
700 _aჯოლია, გურამ
_eრედაქტორი
_916578
700 _aმანველიძე, რეზო
_eრედაქტორი
_91497
710 _aშოთა რუსთაველის სახელმწ. უნივერსიტეტი
_bსოც. მეცნ., ბიზნესისა და სამართალმც. ფაკ. ეკონ. პოლიტიკისა და ბიზნესის ადმინისტრირების დეპარტამენტი.
_916579
942 _cBK
_2udc